|
|
|
|
| LEADER |
01916nam a2200529 a 4500 |
| 001 |
nkc20081834877 |
| 003 |
CZ PrNK |
| 005 |
20090325165144.0 |
| 007 |
ta |
| 008 |
090129s2008 xr ae e 000 0 cze |
| 015 |
|
|
|a cnb001834877
|
| 020 |
|
|
|a 978-80-86204-19-2
|q (brož.)
|
| 035 |
|
|
|a (OCoLC)316678551
|
| 040 |
|
|
|a ABA001
|b cze
|
| 041 |
0 |
|
|a cze
|b ger
|
| 043 |
|
|
|a e-xr---
|b e-xr-cc
|2 czenas
|
| 072 |
|
7 |
|a 72
|x Architektura
|2 Konspekt
|9 21
|
| 080 |
|
|
|a 728.81
|2 MRF
|
| 080 |
|
|
|a 7.025.21
|2 MRF
|
| 080 |
|
|
|a (437.31-13)
|2 MRF
|
| 080 |
|
|
|a (048.8)
|2 MRF
|
| 100 |
1 |
|
|a Durdík, Tomáš,
|d 1951-2012
|7 jn19981000803
|4 aut
|
| 245 |
1 |
0 |
|a Hrady na Malši /
|c Tomáš Durdík
|
| 260 |
|
|
|a Praha :
|b Společnost přátel starožitností v nakl. Unicornis,
|c 2008
|
| 300 |
|
|
|a 175 s. :
|b il. (některé barev.), plány ;
|c 21 cm
|
| 490 |
1 |
|
|a Vlastivědná knihovnička SPS ;
|v sv. 15
|
| 500 |
|
|
|a Terminologický slovník
|
| 504 |
|
|
|a Obsahuje bibliografii
|
| 546 |
|
|
|a Německé resumé
|
| 650 |
0 |
7 |
|a hrady
|7 ph120854
|z Česko
|2 czenas
|
| 650 |
0 |
7 |
|a tvrze
|7 ph126812
|z Česko
|2 czenas
|
| 650 |
0 |
7 |
|a zříceniny
|7 ph127767
|z Česko
|2 czenas
|
| 650 |
0 |
9 |
|a castles
|z Czechia
|2 eczenas
|
| 650 |
0 |
9 |
|a strongholds
|z Czechia
|2 eczenas
|
| 650 |
0 |
9 |
|a ruins
|z Czechia
|2 eczenas
|
| 651 |
|
7 |
|a Malše (Rakousko a Česko : řeka : oblast)
|7 ge138246
|2 czenas
|
| 651 |
|
9 |
|a Malše River Valley (Czechia)
|2 eczenas
|
| 655 |
|
7 |
|a studie
|7 fd133597
|2 czenas
|
| 655 |
|
9 |
|a studies
|2 eczenas
|
| 830 |
|
0 |
|a Vlastivědná knihovnička Společnosti přátel starožitností
|0 s
|
| 856 |
4 |
1 |
|u http://www.digitalniknihovna.cz/mzk/uuid/uuid:b5e80aa0-b3e6-11e3-b833-005056827e52
|y Digitalizovaný dokument
|x NDK
|
| 910 |
2 |
|
|a BOA001
|b 2-1218.480
|
| 928 |
9 |
|
|a Unicornis
|
| 990 |
|
|
|a BK
|
| 995 |
|
|
|a 01
|
| 991 |
|
|
|b 200903
|c NOV
|
| 996 |
6 |
|
|b 2610369788
|c 2-1218.480
|l MZK
|r Sklad / do 1 hodiny
|n 3
|p p.v.
|w 000931430
|u 000010
|a 1
|e BOA001
|j MZK50
|s P
|